| 000 | 00498nam a2200169Ia 4500 | ||
|---|---|---|---|
| 003 | OSt | ||
| 005 | 20201203093858.0 | ||
| 008 | 190216s9999||||xx |||||||||||||| ||und|| | ||
| 040 | _coclc | ||
| 082 |
_a894.8124 _bSAN/P |
||
| 100 |
_aSankaran, Thayat _93240 |
||
| 245 | 0 |
_aPuthiya Pariprekshyam / _cThayat Sankaran |
|
| 260 |
_bPoorna Publication, _a Kozhikode; _c1982. |
||
| 300 | _a124p | ||
| 650 | _aEssay Malayalam | ||
| 942 |
_cBK _2ddc _h894.8214 _iSAN/P _k894.8214 _mSAN/P |
||
| 999 |
_c25512 _d25512 |
||